| 000 | 01044nam a2200301Ia 4500 | ||
|---|---|---|---|
| 003 | OSt | ||
| 005 | 20221005092820.0 | ||
| 006 | a|||||r|||| 00| 0 | ||
| 007 | ta | ||
| 008 | 221004b |||||||| |||| 00| 0 eng d | ||
| 020 |
_a9783319230801 (hbk) _cEURO 99.99 |
||
| 024 | _a35250 | ||
| 037 |
_b53153, 13/11/2017, Segment Book Distributors _cTextual |
||
| 040 |
_aCRL _cCRL _beng |
||
| 041 |
_2eng _aeng |
||
| 082 | _aR44, Q6 | ||
| 100 |
_aArruda Maria Cecilia Coutinho de Ed. _9617793 |
||
| 245 | 0 | _aUnderstanding ethics and responsibilities in a globalizing world | |
| 260 |
_aNew York _bSpringer USA _c2016 |
||
| 300 |
_aviii,308p. _ccm. |
||
| 490 | _aThe international society of business, economics and ethics book series | ||
| 650 | _a ECONOMICS | ||
| 650 | _a GLOBALIZATION | ||
| 650 | _aBUSINESS ETHICS | ||
| 700 |
_a Rok Boleslaw Ed. _9438974 |
||
| 942 |
_hR44, Q6 _cTEXL _2cc |
||
| 999 |
_c999385 _d999385 |
||